LEADER 01460nas 2200469-a 450 001 996206334703316 005 20230215213018.0 035 $a(DE-599)ZDB2450970-X 035 $a(OCoLC)456193762 035 $a(CKB)1000000000533437 035 $a(CONSER)--2012243153 035 $a(EXLCZ)991000000000533437 100 $a20090603a20089999 --- - 101 0 $aeng 135 $aur||||||||||| 181 $ctxt$2rdacontent 182 $cc$2rdamedia 183 $acr$2rdacarrier 200 00$aInternational Journal of Dream Research 210 $aMannheim $cCentral Institute of Mental Health 215 $a1 online resource 300 $aRefereed/Peer-reviewed 300 $aTitle from content provider. 311 $a1866-7953 517 1 $aIJODR 517 1 $aPsychological aspects of sleep and dreaming 531 0 $aInt. j. dream res. 606 $aDreams$xResearch$vPeriodicals 606 $aDreams$xpsychology 606 $aDreams$xResearch$2fast$3(OCoLC)fst00897906 608 $aPeriodical. 608 $aPeriodicals.$2fast 610 $aParapsychology & Occult Sciences 615 0$aDreams$xResearch 615 12$aDreams$xpsychology. 615 7$aDreams$xResearch. 686 $a150$a610$a260$a870$2zdbs 712 02$aZentralinstitut für Seelische Gesundheit (Mannheim, Germany) 906 $aJOURNAL 912 $a996206334703316 996 $aInternational Journal of Dream Research$92017896 997 $aUNISA LEADER 03437oam 22004933 450 001 9910822231903321 005 20240103215932.0 010 $a1-64283-173-5 035 $a(MiAaPQ)EBC6712983 035 $a(Au-PeEL)EBL6712983 035 $a(OCoLC)1265464046 035 $a(CKB)19968757900041 035 $a(EXLCZ)9919968757900041 100 $a20211206d2021 uy 0 101 0 $aeng 135 $aurcnu|||||||| 181 $ctxt$2rdacontent 182 $cc$2rdamedia 183 $acr$2rdacarrier 200 10$aCities for life $ehow communities can recover from trauma and rebuild for health /$fJason Corburn 205 $a1st ed. 210 1$aWashington, D. C. :$cIsland Press,$d2021. 210 4$d©2021. 215 $a1 online resource (xv, 269 pages) $cillustrations 327 $aFront Cover -- About Island Press -- Subscribe -- Title Page -- Copyright -- Dedication -- Table of Contents -- Preface -- Introduction: Designed for Life or Death -- Box 1: Richmond, California: The Industrial City by the Bay -- Box 2: Medellín, Colombia -- Box 3: Nairobi, Kenya, and the Mukuru Informal Settlement -- Chapter 1: Cities of Trauma or Healing? -- Chapter 2: Reducing Urban Violence through Street Love -- Chapter 3: Slum Scientists Diagnosing Traumas -- Chapter 4: Cocreating Places for Urban Health and Healing -- Chapter 5: Resilience and Climate Justice in Medellín -- Chapter 6: Putting Health Equity into All Urban Policies -- Conclusion: Toward Cities That Heal -- Notes -- Index -- About the Author -- Island Press | Board of Directors. 330 $a"Imagine a city that actively works to promote the health and healing of all of its residents. What if that city acknowledges its part in creating the traumas that cause unhealthy stress, such as segregated neighborhoods, insecure housing, few playgrounds, environmental pollution, and unsafe streets, particularly for the poor and Black, Indigenous, People of Color (BIPOC)? In Cities for Life, public health expert Jason Corburn shares lessons from three of these cities: Richmond, California; Medelli?n, Colombia; and Nairobi, Kenya. Corburn draws from his work with citizens, activists, and decision-makers in these cities over a ten-year period, as individuals and communities worked to heal from trauma-from gun violence, housing and food insecurity, and poverty. These communities found innovative solutions for urban trauma by respecting the lived experience of those who were most impacted by harms. Cities for Life is essential reading for urban planning, design, and public health professionals as they work to change an urban planning and public health model that for too long has blamed the urban poor and BIPOC for how they have responded to traumas that they didn't create"--$cProvided by publisher. 606 $aUrban health 606 $aCities and towns$xHealth aspects 606 $aCities and towns$xPsychological aspects 606 $aCities and towns$xSocial aspects 608 $aElectronic books. 615 0$aUrban health. 615 0$aCities and towns$xHealth aspects. 615 0$aCities and towns$xPsychological aspects. 615 0$aCities and towns$xSocial aspects. 676 $a307.76 700 $aCorburn$b Jason$0899278 801 0$bMiAaPQ 801 1$bMiAaPQ 801 2$bMiAaPQ 906 $aBOOK 912 $a9910822231903321 996 $aCities for life$93956418 997 $aUNINA